000 00497nam a2200181Ia 4500
001 8398
005 20260306160606.0
008 260306t2005||||xx |||||||||||||| ||spa||
041 _aESP
082 _a370.72
_bB38
100 _aBell, Judith
_eAUT
245 0 _aCómo hacer tu primer trabajo de investigación:
_bguía para investigadores en educación y ciencias sociales
260 _c2005
300 _a250 páginas :
_c23 cm.
650 _aGEN
654 _aCED
942 _cLIB
_dJUS
_fJUS
_2ddc
_n
999 _c8398
_d8398